00505nam a22001815a 450000500170000000800410001701000140005802000230007203500130009503700130010804000080012110000150012924500940014425000060023826000360024430000230028050000200030320080522115808.0080520s2008 nyu 000 0 eng  aENG-95827 a8178242826c295.00 aEN-79360 bDBAD/PUB aDPL aGuha,Sumit aHealth and population in south asia : cby Sumit Guhabfrom earliest tumes to the present a. aRanikhetbPermanent Blackc2010 a178p.b22cm, (Pbk) aIncludes Index